| 000 | 00736nam a2200289 a 4500 | ||
|---|---|---|---|
| 001 | 30739 | ||
| 003 | AR-BaAGN | ||
| 005 | 20231116150738.0 | ||
| 007 | ta | ||
| 008 | 220625s2006 ag |||||r|||| ||||||spa d | ||
| 020 | _a987-9223-75-6 | ||
| 040 |
_dAR-BaAGN _aAR-BaAGN _bspa _eaacr |
||
| 100 | 1 | _aBaigorria, Manuel | |
| 245 | 1 | 0 | _aManuel Baigorria, memorias |
| 250 | _a1ª ed. | ||
| 260 |
_aBuenos Aires : _bEl elefante blanco, _c2006. |
||
| 300 | _a264 páginas | ||
| 336 |
_2rdacontent _btxt |
||
| 337 |
_2rdamedia _bn |
||
| 338 |
_2rdacarrier _bnc |
||
| 600 | 1 | 4 | _aBaigorria, Manuel |
| 650 | 4 |
_aAUTOBIOGRAFÍA _91316 |
|
| 650 | 4 |
_aBIOGRAFÍA _91475 |
|
| 700 | 1 |
_aMeinrado Hux, P. _eaui |
|
| 942 | _cLIBRO | ||
| 999 |
_c30739 _d30739 |
||